Special functions /

Guardado en:
Autor Principal: Andrews, George E., 1938-
Otros Autores: Askey, Richard., Roy, Ranjan, 1948-
Formato: Libro
Idioma:English
Publicado: Cambridge, UK : Cambridge University Press, c1999.
Series:Encyclopedia of mathematics and its applications ; v. 71
Acceso en línea:Table of contents
Publisher description
Etiquetas: Agregar Etiqueta
Sin Etiquetas, Sea el primero en etiquetar este registro!
LEADER 01428cam a2200265 a 4500
001 MAT.inmabb002580
008 980520s1999####xxk######b####001#0#eng##
005 20130315184428.0
245 1 0 |a Special functions /  |c George E. Andrews, Richard Askey, Ranjan Roy. 
260 |a Cambridge, UK :  |b Cambridge University Press,  |c c1999. 
300 |a xvi, 664 p. ;  |c 25 cm. 
440 0 |a Encyclopedia of mathematics and its applications ;  |v v. 71 
504 |a Bibliografía: p. 641-653. 
510 4 |a MR,  |c 2000g:33001 
505 0 |a 1. The gamma and beta functions -- 2. The hypergeometric functions -- 3. Hypergeometric transformations and identities -- 4. Bessel functions and confluent hypergeometric functions -- 5. Orthogonal polynomials -- 6. Special orthogonal polynomials -- 7. Topics in orthogonal polynomials -- 8. The Selberg integral and its applications -- 9. Spherical harmonics -- 10. Introduction to $q$-series -- 11. Partitions -- 12. Bailey chains. 
020 |a 0521789885 
100 1 |a Andrews, George E.,  |d 1938- 
700 1 |a Askey, Richard. 
700 1 |a Roy, Ranjan,  |d 1948- 
084 |a 33-01 (33B15 33C80 33Dxx 05A15 05A30 11M06)  |2 msc2000 
010 |a  98025757  
040 |a DLC  |c DLC  |d DLC 
856 4 1 |3 Table of contents  |u http://www.loc.gov/catdir/toc/cam024/98025757.html 
856 4 2 |3 Publisher description  |u http://www.loc.gov/catdir/description/cam029/98025757.html 
859 |h 33  |i An565  |p A-8244  |b BIB. MATEMATICA